000 00720nam a22002297a 4500
005 20181208143633.0
008 181208b xxu||||| |||| 00| 0 eng d
020 _a9781857150933
_cRs 499
040 _beng
041 _aEnglish
082 _a882
_bSOP
100 _aSophocles
245 _aThe Theban plays Oedipus the King, Oedipus at Colonus, Antigone
_cTranslated by David Grene with an introduction by Charles Segal and notes by James Hogan
260 _aNew York
_bAlfred A Knopf
_c1994
300 _aL,221p
_b24 cm
500 _aFirst included in Everyman's Library in 1906
504 _aIncludes bibliography
650 _aTheban plays
700 _4tr.
_aGrene, David
850 _aLCLIB
942 _cBK
999 _c41870
_d92349